Car Acronyms - Statistics

General Stats
  • This quiz has been taken 65 times
  • The average score is 34 of 102
Answer Stats
Abbreviation Meaning % Correct
Volkswagen
89%
Audi
87%
Chevrolet
85%
Subaru
85%
Toyota
85%
Ford
83%
Mercedes-Benz
83%
Nissan
83%
Dodge/Chrysler/Jeep
81%
Dodge/Chrysler
79%
Dodge/SRT
79%
Dodge
77%
Pontiac
77%
Honda
74%
Lexus
74%
Acura
72%
Aston Martin
68%
Cadillac
68%
Ferrari
68%
Lamborghini
64%
Citroen
60%
AMR Aston Martin Racing
57%
BMW
57%
Porsche
57%
Buick
55%
Peugeot
55%
Opel
53%
Holden
51%
SS Super Sport
51%
Mini
49%
Alfa Romeo
47%
Mitsubishi
47%
Renault
45%
JCW John Cooper Works
40%
RS RennSport
40%
GR Gazoo Racing
36%
R/T Road/Track
36%
Skoda
36%
SRT Street and Racing Technology
36%
Oldsmobile
34%
SVJ Super Veloce Jota
32%
tdf Tour de France
32%
TRD Toyota Racing Development
32%
AMC
30%
Pagani
30%
GS Gran Sport
28%
HSV Holden Special Vehicles
28%
Land Rover
28%
WRX World Rally eXperimental
28%
GNX Grand National Experimental
26%
GT-R Gran Turismo-Racing
26%
RS Renault Sport
26%
TT Tourist Trophy
26%
GTO Gran Turismo Omologato
21%
GTS Gran Turismo Sport
21%
TDI Turbocharged Direct Injection
21%
GTB Gran Turismo Berlinetta
19%
MR Manthey Racing
19%
McLaren
19%
RS Rallye Sport
19%
Alpine
17%
GLHS Goes Like Hell S'more
17%
NSX New Sports eXperimental
17%
SVT Special Vehicles Team
17%
CTS Catera Touring Sedan
15%
LT Long Tail
15%
SVO Special Vehicle Operations
15%
STI Subaru Technica International
15%
BC Benny Caiola
13%
Infiniti
13%
IROC-Z International Race of Champions
13%
MR Mitsubishi Racing
13%
OSV Oldsmobile Special Vehicles
13%
STO Super Trofeo Omologata
13%
AMX American Motors Experimental
11%
LFA Lexus Future Advance
11%
SLP Street Legal Performance
11%
ACR American Club Racing
9%
CSL Coupe Sport Lightweight
9%
Eagle
9%
LP Longitudinale Posteriore
9%
Si Sport Injected
9%
SH Super Handling
9%
GTI Grand Tourer Injection
6%
GTA Grand Tourisme Alpine
6%
OPC Opel Performance Center
6%
ST Sports Technologies
6%
SD Super Duty
6%
ATS Alpha Touring Sedan
4%
CSi Competition Sport Injected
4%
DS Different Spirit/Distinctive Series
4%
IPL Infiniti Performance Line
4%
SVR Special Vehicle Rating
4%
SLS Super Leicht Sport
4%
VRS Victory Rally Sport
4%
CR Club Racer
2%
FTO Fresh Touring Organization
2%
GLI Grand Luxury Injection
2%
GTA Gran Turismo Alleggerita
2%
SLK Sportlich Leicht Kurz
2%
TSi Turbo Sport Intercooled
2%
AMG Aufrecht Melcher and Großaspach
0%
No matching quizzes found
Score Distribution
Percent of People with Each Score
Percentile by Number Answered
Your Score History
You have not taken this quiz